| 000 | 00346nam a2200133Ia 4500 | ||
|---|---|---|---|
| 008 | 240624s9999 xx 000 0 und d | ||
| 041 | _aeng | ||
| 082 | _a332.632 PIT | ||
| 100 | _aPITTS CLARKE | ||
| 245 | _aSTRUCTURED PRODUCTS EVOLUTION AND ANALYS | ||
| 260 |
_c2013 _aLondon _bRisk Books |
||
| 300 | _axviii, 297 p,: 23 cm. | ||
| 365 |
_cBPS _b20 |
||
| 999 |
_c31027 _d31027 |
||